| Поле | Инд. | ПП | Название | Значение |
|---|---|---|---|---|
| Тип записи | a | |||
| Библиографический уровень | b | |||
| 001 | Контрольный номер | RU/IS/BASE/260027215 | ||
| 005 | Дата корректировки | 20200724231433.9 | ||
| 008 | Кодируемые данные | 20080328 | ||
| 040 | b | Код языка каталог. | rus | |
| e | Правила каталог. | PSBO | ||
| 041 | 0_ | a | Код языка текста | rus |
| 084 | a | Индекс другой классификации/Индекс ББК | 74.489.85-23 | |
| 100 | 1_ | a | Автор | Вербицкий А. А. |
| q | Полное имя | Вербицкий Андрей Александрович | ||
| 245 | 10 | a | Заглавие | Контекстное обучение в системе подготовки учителя математики |
| 504 | a | Библиография | Библиогр. | |
| 520 | 0_ | a | Аннотация | Сформулированы сущность, принципы контекстного обучения в целом и контекстной подготовки подготовки учителей. В таблицах представлены прогностическая компетентностная модель разработки технологий контекстного обучения; система методических компонентов, обеспечивающих проектирование и реализацию технологии контекстного обучения будущих учителей математики для всех дисциплин учебного плана |
| 650 | 04 | a | Основная рубрика | высшее образование |
| a | Основная рубрика | образование | ||
| a | Основная рубрика | профессиональное образование; педагогическое образование | ||
| 653 | 0_ | a | Ключевые слова | дидактика |
| a | Ключевые слова | дидактические принципы | ||
| a | Ключевые слова | контекстная деятельность | ||
| a | Ключевые слова | контекстное обучение | ||
| a | Ключевые слова | обучение | ||
| a | Ключевые слова | педагоги | ||
| a | Ключевые слова | подготовка преподавателей | ||
| a | Ключевые слова | преподаватели | ||
| a | Ключевые слова | профессионализм | ||
| a | Ключевые слова | профессиональное обучение | ||
| a | Ключевые слова | социально-профессиональная деятельность | ||
| 700 | 1_ | a | Автор | Ларионова О. Г. |
| q | Полное имя | Ларионова Ольга Гавриловна | ||
| 773 | 08 | t | Заглавие источника | Высшее образование сегодня |
| d | Дата издания источника | 2007 | ||
| g | Прочая информация | № 6. - С. 79 - 83 : табл. | ||
| w | Контрольный № источника | RU/IS/BASE/247755150 | ||
| 901 | t | Тип документа | b |